KOHA-Header-6

Critics On Shakespeare (Record no. 7213)

000 -LEADER
fixed length control field 00261nam a2200109Ia 4500
100 ## - MAIN ENTRY--AUTHOR NAME
Personal name W.T. Andrews
245 #0 - TITLE STATEMENT
Title Critics On Shakespeare
260 ## - PUBLICATION, DISTRIBUTION, ETC. (IMPRINT)
Place of publication New Delhi
Name of publisher Universal Book
Year of publication 1998
300 ## - PHYSICAL DESCRIPTION
Number of Pages 84
942 ## - ADDED ENTRY ELEMENTS (KOHA)
Koha item type Books
Holdings
Withdrawn status Lost status Collection code Permanent Location Current Location Shelving location Date acquired Full call number Accession Number Koha item type
      MAJU MAJU Shelf No.A23 2019-09-12 346.49 961 English Literature

Powered by Koha